| 000 | 00588nam a22002177a 4500 | ||
|---|---|---|---|
| 003 | OSt | ||
| 005 | 20150520153948.0 | ||
| 008 | 150519b xxu||||| |||| 00| 0 eng d | ||
| 020 | _a9966888918 | ||
| 040 | _aSEKU | ||
| 050 |
_aBR 128 _b.M3 |
||
| 100 | _aMagesa, Laurenti | ||
| 245 |
_aWhat is not sacred? : _bAfrican spirituality |
||
| 260 |
_aNairobi, Kenya _bActon Publishers _c2014 |
||
| 300 | _a220 p. | ||
| 504 | _aIncludes bibl. refs. | ||
| 650 |
_aChristianity and other religions _zAfrican |
||
| 650 |
_aChristianity _zAfrica |
||
| 651 |
_aAfrica _xReligion |
||
| 942 |
_2lcc _cGEN |
||
| 999 |
_c3898 _d3898 |
||